[Event "IRL-chT"]
[Site "Dublin"]
[Date "2019.04.07"]
[Round "5.1"]
[White "Delaney, Killian"]
[Black "Beryozkin, Sergey"]
[Result "1-0"]
[WhiteElo "2234"]
[BlackElo "1833"]
[PlyCount "75"]
[EventDate "2019.04.05"]
[EventType "team-swiss"]
[EventRounds "5"]
[EventCountry "IRL"]
[SourceTitle "CBM 189 Extra"]
[Source "ChessBase"]
[SourceDate "2019.05.31"]
[SourceVersion "1"]
[SourceVersionDate "2019.05.31"]
[SourceQuality "1"]
[WhiteTeam "Gonzaga"]
[BlackTeam "Dun Laoghaire"]
[WhiteTeamCountry "IRL"]
[BlackTeamCountry "IRL"]

1. e4 c5 2. c3 d5 3. exd5 Qxd5 4. d4 e6 5. Nf3 Nf6 6. Na3 a6 7. Nc4 Nbd7 8. Be2 Be7 9. 0-0 b5 10. Ne3 Qd6 11. a4 b4 12. Nc4 Qc7 13. dxc5 Bxc5 14. cxb4 Bxb4 15. Bd2 Bxd2 16. Qxd2 0-0 17. Rfc1 Ne4 18. Qe3 Ndf6 19. Nb6 Qb7 20. Nxa8 Qxa8 21. Ne5 Bb7 22. Bf3 h6 23. b4 Rd8 24. b5 Bd5 25. Nc6 Rd7 26. Qb6 axb5 27. axb5 Qb7 28. Qa6 g5 29. Na5 Qa7 30. Qxa7 Rxa7 31. b6 Rd7 32. Rc7 Rd8 33. b7 Bxb7 34. Nxb7 Rd2 35. Rf1 g4 36. Bxe4 Nxe4 37. Nc5 Rc2 38. Nxe6 1-0